000 00339nam a2200145Ia 4500
008 230312s9999||||xx |||||||||||||| ||und||
082 _a005.1333
_bSHA-F
100 _aDR. Nawazish Ali Shah
245 0 _aFortran 77
260 _bMegna
_aPakistan
_c1998
300 _a398
546 _aEng.
650 _aComputer
_vprogramming
942 _cBK
999 _c3108
_d3108